| 000 | 00548 a2200181 4500 | ||
|---|---|---|---|
| 020 | _a0262033275 | ||
| 040 |
_aDLC _bDLC |
||
| 082 | _a629.392 | ||
| 100 | _aChoset, Howie | ||
| 245 | 0 | 0 |
_aPrinciples of robot motion: Theory, algorithms, and implementation _cHowie Choset |
| 260 |
_aCambridge, Mass. : _bMIT Press, _c2005. |
||
| 300 |
_a603 p. : _bill. ; _c24 cm. |
||
| 440 | 0 | _aIntelligent robotics and autonomous agents. | |
| 500 | _a"A Bradford book." | ||
| 650 | 0 |
_aRobots _xMotion. |
|
| 700 | 1 | _aChoset, Howie M. | |
| 942 |
_cBK _k629.392 CHO _2ddc |
||
| 999 |
_c8637 _d8637 |
||